00679cam a2200229 4500001000500000005001700005020001500022040002300037050002000060082001100080100001800091245007100109260003800180300004700218490002000265505000800285520007800293521002000371521002000391650001900411650001900430328020250821143502.0 a0590045296 aDLCcDLCdDLCbeng00aPZ7.L7795b197000a813.541 aLobel, Arnold10aFrog and toad are friends / cstory and pictures by Lobel, Arnold  aNew York :bHarper & Row , c1970 a64 pages : bcolor illustrations ;c21 cm.0 a Frog and Toad  aJ  aFive tales recounting the adventures of two best friends - Frog and Toad. a470 bLexile  aJ bRaz-Plus  1aFrogsxFiction 1aToadsxFiction